[Event "Novokuznetsk Old Stager op"]
[Site "Novokuznetsk"]
[Date "2015.01.24"]
[Round "4"]
[White "Makarov, Vladimir Ivan"]
[Black "Kitov, Viktor"]
[Result "1-0"]
[WhiteElo "2076"]
[BlackElo "1833"]
[PlyCount "99"]
[EventDate "2015.01.10"]
[EventType "swiss"]
[EventRounds "9"]
[EventCountry "RUS"]
[SourceTitle "EXT 2018"]
[Source "ChessBase"]
[SourceDate "2017.10.13"]
[SourceVersion "1"]
[SourceVersionDate "2017.10.13"]
[SourceQuality "1"]

1. Nf3 c5 2. b3 d5 3. e3 Nc6 4. Bb5 Bd7 5. Bb2 Nf6 6. 0-0 a6 7. Bxc6 Bxc6 8. Ne5 Bb5 9. d3 a5 10. Nd2 Ba6 11. a4 g6 12. c4 Bg7 13. f4 e6 14. Qc2 0-0 15. Ndf3 Qc7 16. Rfe1 Rad8 17. Rad1 b6 18. Bc3 Nd7 19. Nxd7 Rxd7 20. Bxg7 Kxg7 21. Ne5 Rd6 22. Qb2 f6 23. Ng4 h5 24. Nf2 Rfd8 25. g4 Bb7 26. gxh5 gxh5 27. Qe2 Qf7 28. cxd5 Qg6+ 29. Kh1 Kf7 30. Rg1 Qh7 31. Rg3 Rg8 32. Rdg1 Rxg3 33. Rxg3 Bxd5+ 34. e4 Bxb3 35. Rh3 h4 36. Qg4 f5 37. Qg5 Qg7 38. Qxh4 e5 39. Rg3 Rg6 40. Qh5 Qh6 41. Qxf5+ Rf6 42. Qd7+ Kf8 43. Rh3 Qg7 44. Qd8+ Kf7 45. Qc7+ Kf8 46. Qxe5 Bxa4 47. Ng4 Rg6 48. Rh8+ Kf7 49. Qc7+ Ke6 50. f5# 1-0

[Event "Novokuznetsk-ch"]
[Site "Novokuznetsk"]
[Date "2014.12.07"]
[Round "7"]
[White "Kitov, Viktor"]
[Black "Churakov, Danil"]
[Result "0-1"]
[WhiteElo "1865"]
[BlackElo "1571"]
[PlyCount "86"]
[EventDate "2014.11.16"]
[EventType "swiss"]
[EventRounds "9"]
[EventCountry "RUS"]
[SourceTitle "EXT 2016"]
[Source "ChessBase"]
[SourceDate "2015.10.08"]
[SourceVersion "1"]
[SourceVersionDate "2015.10.08"]
[SourceQuality "1"]

1. d4 Nf6 2. Nf3 d5 3. c4 c6 4. Nc3 Bf5 5. Qa4 e6 6. Nh4 Bg6 7. Nxg6 hxg6 8. f3 Bd6 9. Bg5 Bxh2 10. Kd1 Qd6 11. c5 Qc7 12. e4 Nh5 13. Bh4 Nd7 14. e5 Bf4 15. g4 Ng3 16. Bd8 Rxh1 17. Bxc7 Rxf1+ 18. Kc2 Rxa1 19. Nb1 f6 20. b4 a6 21. Kb2 Rxb1+ 22. Kxb1 fxe5 23. Qc2 Kf7 24. Qh2 Rc8 25. Bd6 Nf5 26. Qf2 Nxd6 27. cxd6 exd4 28. Qxd4 Bxd6 29. f4 c5 30. bxc5 Rxc5 31. Qf2 Nf6 32. f5 gxf5 33. gxf5 e5 34. Qg2 e4 35. Qg6+ Kf8 36. Qg5 d4 37. Qh4 Kg8 38. Qh3 e3 39. Qf3 Re5 40. Qe2 d3 41. Qxd3 e2 42. Qc4+ Kf8 43. Qc8+ Ne8 0-1

[Event "Novokuznetsk-ch"]
[Site "Novokuznetsk"]
[Date "2014.12.06"]
[Round "6"]
[White "Chemakin, Pavel"]
[Black "Kitov, Viktor"]
[Result "1/2-1/2"]
[WhiteElo "1803"]
[BlackElo "1865"]
[PlyCount "150"]
[EventDate "2014.11.16"]
[EventType "swiss"]
[EventRounds "9"]
[EventCountry "RUS"]
[SourceTitle "EXT 2016"]
[Source "ChessBase"]
[SourceDate "2015.10.08"]
[SourceVersion "1"]
[SourceVersionDate "2015.10.08"]
[SourceQuality "1"]

1. e4 d6 2. d4 Nf6 3. Nc3 g6 4. Be2 Bg7 5. Nf3 0-0 6. h3 b6 7. Be3 Bb7 8. Qd3 Nbd7 9. 0-0-0 c5 10. d5 a6 11. g4 b5 12. g5 Ne8 13. h4 h5 14. gxh6 Ne5 15. Nxe5 Bxe5 16. f4 Bf6 17. h5 Kh7 18. hxg6+ fxg6 19. Rdg1 Rg8 20. f5 g5 21. Bh5 c4 22. Bg6+ Kh8 23. Qd2 b4 24. Na4 c3 25. bxc3 Qa5 26. Bxe8 Raxe8 27. Nb6 Qxa2 28. Kd1 Bxc3 29. Bd4+ Kh7 30. Qd3 Qa5 31. Nc4 Qb5 32. Bxc3 bxc3 33. Ke2 Rc8 34. Ne3 Qxd3+ 35. Kxd3 a5 36. Kd4 Rc5 37. Rh5 Ba6 38. Rgxg5 Rxg5 39. Rxg5 Kxh6 40. Rg1 a4 41. Ra1 Bb5 42. Ra3 Kg5 43. Nd1 Rc4+ 44. Ke3 Kf6 45. Nxc3 Be8 46. Kd3 Rb4 47. Na2 Bb5+ 48. Ke3 Rc4 49. Nc3 Be8 50. Kd3 Rb4 51. Ra2 Ke5 52. Ke3 Rc4 53. Kd3 Rd4+ 54. Ke3 Bd7 55. Kf3 Rc4 56. Ra3 Kd4 57. Ne2+ Kc5 58. c3 Kb6 59. Nd4 Rc8 60. Nc2 Kc5 61. Ne3 Rb8 62. Ke2 Rb2+ 63. Kd3 Rb3 64. Ra2 Bb5+ 65. Kc2 Be8 66. Nd1 Kb5 67. Nb2 Ka5 68. Nc4+ Ka6 69. e5 dxe5 70. Nxe5 Kb5 71. Rb2 Kc5 72. Rxb3 axb3+ 73. Kxb3 Kxd5 74. Ng6 Kd6 75. c4 Bd7 1/2-1/2

[Event "Novokuznetsk-ch"]
[Site "Novokuznetsk"]
[Date "2014.11.29"]
[Round "4"]
[White "Anokhin, Viktor T"]
[Black "Kitov, Viktor"]
[Result "1-0"]
[WhiteElo "2001"]
[BlackElo "1865"]
[PlyCount "65"]
[EventDate "2014.11.16"]
[EventType "swiss"]
[EventRounds "9"]
[EventCountry "RUS"]
[SourceTitle "EXT 2016"]
[Source "ChessBase"]
[SourceDate "2015.10.08"]
[SourceVersion "1"]
[SourceVersionDate "2015.10.08"]
[SourceQuality "1"]

1. e4 d6 2. d4 Nf6 3. Nc3 g6 4. f4 Bg7 5. Nf3 0-0 6. Bd2 Nbd7 7. Qe2 c5 8. d5 a6 9. a4 b6 10. h3 Nh5 11. Qf2 Bb7 12. g4 Nhf6 13. 0-0-0 Qc7 14. Bc4 Rfe8 15. Rhe1 Reb8 16. e5 Ne8 17. e6 fxe6 18. Rxe6 Nf8 19. Re2 Nf6 20. Rde1 Re8 21. f5 Bc8 22. g5 Bxf5 23. gxf6 Bxf6 24. Ne4 Bg7 25. Bc3 b5 26. Bxg7 bxc4 27. Bc3 Qd7 28. Qh4 h5 29. Qg5 Nh7 30. Qg3 Qxa4 31. Nh4 Qd7 32. Nxg6 Kf7 33. Nxc5 1-0

[Event "Novokuznetsk-ch"]
[Site "Novokuznetsk"]
[Date "2014.11.23"]
[Round "3"]
[White "Nuzhdov, Vasiliy"]
[Black "Kitov, Viktor"]
[Result "1-0"]
[WhiteElo "2011"]
[BlackElo "1865"]
[PlyCount "97"]
[EventDate "2014.11.16"]
[EventType "swiss"]
[EventRounds "9"]
[EventCountry "RUS"]
[SourceTitle "EXT 2016"]
[Source "ChessBase"]
[SourceDate "2015.10.08"]
[SourceVersion "1"]
[SourceVersionDate "2015.10.08"]
[SourceQuality "1"]

1. e4 d6 2. d4 Nf6 3. Nd2 g6 4. c4 Bg7 5. Ngf3 0-0 6. Bd3 c5 7. d5 Nbd7 8. 0-0 Ng4 9. h3 Nge5 10. Bc2 a6 11. Nxe5 Nxe5 12. f4 Nd7 13. a4 Qa5 14. Nf3 b5 15. Bd2 b4 16. Ra2 e6 17. b3 exd5 18. exd5 Qc7 19. a5 Nf6 20. g4 Bd7 21. Bd3 Rae8 22. Re1 Rxe1+ 23. Qxe1 Re8 24. Qb1 Bc8 25. Kg2 Qd7 26. f5 Qd8 27. Bg5 h6 28. Bf4 g5 29. Bg3 Qc7 30. Bf2 Nd7 31. h4 Ne5 32. Nxe5 Bxe5 33. hxg5 hxg5 34. Qh1 Re7 35. Qh6 f6 36. Qh5 Qd8 37. Re2 Rh7 38. Qg6+ Kh8 39. Bg3 Bd7 40. Bxe5 dxe5 41. Rxe5 fxe5 42. f6 Qg8 43. Qe4 Rh4 44. Qxe5 Rxg4+ 45. Kh2 Qf7 46. Bg6 Qxg6 47. f7+ Kh7 48. f8N+ Kg8 49. Nxg6 1-0

[Event "Novokuznetsk Kustov op"]
[Site "Novokuznetsk"]
[Date "2014.10.19"]
[Round "7"]
[White "Kitov, Viktor"]
[Black "Prokofieva, Eleonora"]
[Result "1-0"]
[WhiteElo "1840"]
[BlackElo "1781"]
[PlyCount "89"]
[EventDate "2014.09.28"]
[EventType "swiss"]
[EventRounds "9"]
[EventCountry "RUS"]
[SourceTitle "EXT 2018"]
[Source "ChessBase"]
[SourceDate "2017.10.13"]
[SourceVersion "1"]
[SourceVersionDate "2017.10.13"]
[SourceQuality "1"]

1. d4 f5 2. g3 Nf6 3. Bg2 e6 4. c4 Be7 5. Nc3 0-0 6. Nf3 Na6 7. 0-0 c6 8. a3 d6 9. Qc2 Qe8 10. Re1 Nc7 11. b4 a5 12. Bb2 d5 13. Qb3 dxc4 14. Qxc4 b5 15. Qb3 a4 16. Qc2 Nfd5 17. Ne5 Bb7 18. e4 fxe4 19. Bxe4 Nf6 20. Bg2 Rc8 21. Rac1 Ncd5 22. Qe2 Bd6 23. Nd3 Nc7 24. Ne4 Nxe4 25. Qxe4 Qf7 26. Rc2 Qf5 27. Qe2 Nd5 28. Qxe6+ Qxe6 29. Rxe6 Rf6 30. Rce2 Kf7 31. Bh3 Rd8 32. Rxf6+ Nxf6 33. Be6+ Kf8 34. Nc5 Ba8 35. f4 Be7 36. g4 Nd5 37. Rf2 Bh4 38. Rf3 h6 39. g5 Ke7 40. gxh6 gxh6 41. Rh3 Bf6 42. Rxh6 Nxf4 43. Rh7+ Kd6 44. Bg4 Nd5 45. Ne4# 1-0

[Event "Novokuznetsk Kustov op"]
[Site "Novokuznetsk"]
[Date "2014.09.28"]
[Round "1"]
[White "Kitov, Viktor"]
[Black "Bogachev, Alexandr"]
[Result "0-1"]
[WhiteElo "1840"]
[BlackElo "2040"]
[PlyCount "104"]
[EventDate "2014.09.28"]
[EventType "swiss"]
[EventRounds "9"]
[EventCountry "RUS"]
[SourceTitle "EXT 2018"]
[Source "ChessBase"]
[SourceDate "2017.10.13"]
[SourceVersion "1"]
[SourceVersionDate "2017.10.13"]
[SourceQuality "1"]

1. d4 d5 2. c4 e6 3. Nc3 f5 4. e3 Nf6 5. Nf3 c6 6. Ne5 Be7 7. a3 a5 8. c5 0-0 9. Na4 Nbd7 10. f4 Nxe5 11. fxe5 Nd7 12. Bd3 b5 13. Nc3 Kh8 14. Ne2 g5 15. 0-0 Rg8 16. Ng3 Nf8 17. Qh5 Bd7 18. Qe2 Be8 19. Nh5 Bg6 20. g4 Bxh5 21. gxh5 Qe8 22. Bd2 g4 23. Be1 Qxh5 24. Bg3 Ng6 25. Qc2 Bg5 26. Rae1 Nh4 27. Kh1 Nf3 28. Re2 Bh4 29. Rg2 Bxg3 30. Rxg3 Rg6 31. Qg2 Rh6 32. h3 Ng5 33. Bxf5 exf5 34. Rxf5 Qg6 35. Qf1 Ne4 36. Rxg4 Qxg4 37. Rf8+ Rxf8 38. Qxf8+ Qg8 39. Qxh6 Qf7 40. Qf4 Kg7 41. Kg2 Qxf4 42. exf4 Kg6 43. Kf3 Kf5 44. Ke3 Ng3 45. Kf3 Nh5 46. e6 Kxe6 47. Kg4 Nf6+ 48. Kg5 h5 49. h4 Ne4+ 50. Kxh5 Kf5 51. Kh6 Nf6 52. Kg7 Nh5+ 0-1

[Event "Novokuznetsk-ch"]
[Site "Novokuznetsk"]
[Date "2013.11.23"]
[Round "2"]
[White "Kitov, Viktor"]
[Black "Strakhov, Andrey"]
[Result "0-1"]
[WhiteElo "1880"]
[BlackElo "1984"]
[PlyCount "118"]
[EventDate "2013.11.17"]
[EventType "swiss"]
[EventRounds "9"]
[EventCountry "RUS"]
[SourceTitle "EXT 2015"]
[Source "ChessBase"]
[SourceDate "2014.11.20"]
[SourceVersion "1"]
[SourceVersionDate "2014.11.20"]
[SourceQuality "1"]

1. d4 g6 2. c4 Bg7 3. Nc3 c6 4. e4 d6 5. Be3 Nf6 6. Be2 0-0 7. Qd2 e5 8. d5 cxd5 9. cxd5 Ng4 10. Bg5 f6 11. Bh4 b6 12. h3 Nh6 13. Nf3 Nf7 14. 0-0 Ba6 15. Nb5 Nd7 16. b4 Bxb5 17. Bxb5 h5 18. a4 a6 19. Bc6 Ra7 20. Qe2 g5 21. Bg3 f5 22. exf5 e4 23. Qxe4 Bxa1 24. Rxa1 Re8 25. Qd4 Rf8 26. a5 Nh6 27. Bxd6 Nxf5 28. Qe4 Qf6 29. Qe6+ Qxe6 30. dxe6 Nxd6 31. Bxd7 b5 32. Nxg5 Rf4 33. Rd1 Nf5 34. Rb1 Kf8 35. f3 Ke7 36. Ne4 Nd4 37. Kf2 Nxe6 38. Bc6 Rc7 39. Bd5 Rf8 40. Re1 Nf4 41. Nc5+ Kd6 42. Be4 Rg8 43. Rd1+ Ke5 44. Nd7+ Rxd7 45. Rxd7 Rxg2+ 46. Kf1 Rb2 47. Ra7 Kd4 48. Rxa6 Ke3 49. Ke1 Rd2 50. Ra8 Ng2+ 51. Kf1 Nf4 52. Kg1 Nxh3+ 53. Kh1 Nf2+ 54. Kg1 h4 55. Bc6 Rd1+ 56. Kg2 h3+ 57. Kg3 Rg1+ 58. Kh4 h2 59. f4 Ne4 0-1

[Event "Novokuznetsk-ch"]
[Site "Novokuznetsk"]
[Date "2013.11.17"]
[Round "1"]
[White "Martjushov, Vasily"]
[Black "Kitov, Viktor"]
[Result "0-1"]
[WhiteElo "2046"]
[BlackElo "1880"]
[PlyCount "114"]
[EventDate "2013.11.17"]
[EventType "swiss"]
[EventRounds "9"]
[EventCountry "RUS"]
[SourceTitle "EXT 2015"]
[Source "ChessBase"]
[SourceDate "2014.11.20"]
[SourceVersion "1"]
[SourceVersionDate "2014.11.20"]
[SourceQuality "1"]

1. d4 d5 2. c4 e6 3. e3 Nf6 4. Nc3 Be7 5. Bd3 0-0 6. Nf3 b6 7. e4 dxc4 8. Bxc4 Bb7 9. e5 Nd5 10. 0-0 Nd7 11. Nxd5 exd5 12. Bd3 Re8 13. Re1 c5 14. Qc2 Nf8 15. Be3 Rc8 16. Qe2 c4 17. Bf5 Rc7 18. Rac1 b5 19. a3 a5 20. Bd2 b4 21. axb4 axb4 22. Ra1 g6 23. Bh3 Bc8 24. Bxc8 Qxc8 25. Rec1 Qf5 26. Ra5 Qd7 27. Ng5 h6 28. Nh3 h5 29. Qf3 Rd8 30. Ng5 Qe8 31. h4 Ne6 32. Be3 Nxg5 33. hxg5 Qc6 34. g4 hxg4 35. Qxg4 Kg7 36. f4 Rh8 37. f5 gxf5 38. Qxf5 Qb6 39. Rf1 Qe6 40. Qxe6 fxe6 41. Ra6 Rh5 42. g6 Bg5 43. Bf2 Kxg6 44. Rxe6+ Kf5 45. Rd6 Ke4 46. Kg2 Bf4 47. Re1+ Kd3 48. Rf6 Rg7+ 49. Kf3 Bd2 50. Rg1 Rxg1 51. Bxg1 c3 52. bxc3 bxc3 53. e6 c2 54. e7 c1Q 55. e8Q Qf1+ 56. Bf2 Qh1+ 57. Kg3 Qh3# 0-1

[Event "Novokuznetsk Spring op"]
[Site "Novokuznetsk"]
[Date "2013.04.21"]
[Round "7"]
[White "Nuzhdov, Vasiliy"]
[Black "Kitov, Viktor"]
[Result "1-0"]
[WhiteElo "2000"]
[BlackElo "1885"]
[PlyCount "91"]
[EventDate "2013.03.31"]
[EventType "swiss"]
[EventRounds "9"]
[EventCountry "RUS"]
[SourceTitle "EXT 2015"]
[Source "ChessBase"]
[SourceDate "2014.11.20"]
[SourceVersion "1"]
[SourceVersionDate "2014.11.20"]
[SourceQuality "1"]

1. d4 Nf6 2. Nf3 e6 3. c4 d5 4. Nc3 Be7 5. e3 0-0 6. Be2 c6 7. 0-0 Nbd7 8. a3 Qc7 9. Bd2 Ne4 10. Rc1 Nxd2 11. Qxd2 Nf6 12. Ne5 Ne4 13. Nxe4 dxe4 14. f4 f6 15. Ng4 b6 16. b4 a5 17. c5 b5 18. Qc3 Bd7 19. Ra1 Be8 20. Rfd1 Bf7 21. h3 Rfd8 22. Qe1 h5 23. Nf2 Bg6 24. Qc3 Rd5 25. Qc2 e5 26. Nxe4 exf4 27. Nxf6+ Kf7 28. Nxd5 Bxc2 29. Nxc7 Ra7 30. Rdc1 Bb3 31. Nxb5 cxb5 32. e4 g6 33. Bxb5 Kf6 34. Rf1 g5 35. g3 axb4 36. axb4 Rb7 37. Ra5 Bd8 38. c6 Re7 39. e5+ Ke6 40. Ra3 Bd5 41. gxf4 gxf4 42. Rxf4 Rg7+ 43. Kf1 Rg2 44. Ra8 Ke7 45. Ra7+ Ke6 46. c7 1-0

[Event "Novokuznetsk Spring op"]
[Site "Novokuznetsk"]
[Date "2013.04.20"]
[Round "6"]
[White "Kitov, Viktor"]
[Black "Popov, Yury"]
[Result "0-1"]
[WhiteElo "1885"]
[BlackElo "2006"]
[PlyCount "132"]
[EventDate "2013.03.31"]
[EventType "swiss"]
[EventRounds "9"]
[EventCountry "RUS"]
[SourceTitle "EXT 2015"]
[Source "ChessBase"]
[SourceDate "2014.11.20"]
[SourceVersion "1"]
[SourceVersionDate "2014.11.20"]
[SourceQuality "1"]

1. c4 e5 2. e4 Bc5 3. Nf3 Nc6 4. Nc3 d6 5. h3 f5 6. exf5 Bxf5 7. d3 Nf6 8. Bg5 Bb4 9. Be2 Bxc3+ 10. bxc3 0-0 11. 0-0 Qd7 12. Nh4 h6 13. Bxf6 Rxf6 14. Nxf5 Qxf5 15. Bg4 Qg5 16. g3 Raf8 17. d4 Na5 18. h4 Qg6 19. Bh3 Qf7 20. d5 Nxc4 21. Be6 Rxe6 22. dxe6 Qxe6 23. Re1 d5 24. Kg2 c6 25. a4 b6 26. Ra2 Qf5 27. Qe2 e4 28. Rd1 Qe5 29. Qg4 Qxc3 30. Qe6+ Kh8 31. Qe7 Qf3+ 32. Kh2 Qf7 33. Qb4 a5 34. Qc3 Qf3 35. Qc2 Qg4 36. Rc1 Rf3 37. Qe2 e3 38. Rf1 exf2 39. Qe8+ Kh7 40. Qb8 Ne3 41. Rfxf2 Nf1+ 42. Kg1 Nxg3 43. Rxf3 Qxf3 44. Rg2 Qe3+ 45. Kh2 Nf1+ 46. Kh1 Qh3+ 47. Kg1 Ne3 48. Rf2 Qg4+ 49. Kh1 Qxh4+ 50. Qh2 Qxh2+ 51. Rxh2 Kg6 52. Kg1 h5 53. Rb2 Nc4 54. Re2 Kf6 55. Kg2 d4 56. Kf3 d3 57. Re8 c5 58. Rd8 d2 59. Ke2 g5 60. Re8 Kf5 61. Rf8+ Ke4 62. Re8+ Kd4 63. Rg8 Kc3 64. Rxg5 Kc2 65. Rd5 h4 66. Rd3 h3 0-1

[Event "Novokuznetsk Spring op"]
[Site "Novokuznetsk"]
[Date "2013.04.14"]
[Round "5"]
[White "Kitov, Viktor"]
[Black "Shilintsev, Vladimir"]
[Result "0-1"]
[WhiteElo "1885"]
[BlackElo "1855"]
[PlyCount "108"]
[EventDate "2013.03.31"]
[EventType "swiss"]
[EventRounds "9"]
[EventCountry "RUS"]
[SourceTitle "EXT 2015"]
[Source "ChessBase"]
[SourceDate "2014.11.20"]
[SourceVersion "1"]
[SourceVersionDate "2014.11.20"]
[SourceQuality "1"]

1. d4 d5 2. c4 c6 3. Nc3 Nf6 4. Nf3 e6 5. Bf4 Bd6 6. Bg5 h6 7. Bh4 Be7 8. c5 a5 9. a3 0-0 10. e3 b6 11. b4 Ba6 12. Be2 Bxe2 13. Nxe2 Na6 14. Qd2 Ne4 15. Bxe7 Nxd2 16. Bxd8 Nxf3+ 17. gxf3 Rfxd8 18. Rb1 axb4 19. axb4 Nxb4 20. 0-0 bxc5 21. dxc5 Nd3 22. Nd4 Rdc8 23. Rb6 Nxc5 24. Nxc6 Rc7 25. Nd4 Nd3 26. Rb3 Ne5 27. Rfb1 Rac8 28. Kg2 Nc4 29. Rb8 Nd2 30. Rxc8+ Rxc8 31. Rb7 Nc4 32. Kg3 g6 33. h4 Nd6 34. Rd7 Nc4 35. h5 Ne5 36. Rb7 g5 37. Rb3 Nd7 38. Rb7 Nf6 39. f4 Nxh5+ 40. Kg4 Nf6+ 41. Kf3 g4+ 42. Kg3 h5 43. Kh4 Rc1 44. Kg5 Ne4+ 45. Kxh5 Nxf2 46. Kg5 g3 47. Rb8+ Kg7 48. f5 Ne4+ 49. Kg4 g2 50. Nf3 g1Q+ 51. Nxg1 Rxg1+ 52. Kh4 exf5 53. Kh3 Rg3+ 54. Kh2 Rxe3 0-1

[Event "Novokuznetsk op"]
[Site "Novokuznetsk"]
[Date "2011.08.14"]
[Round "4"]
[White "Kitov, Viktor"]
[Black "Vorobyova, Alyona"]
[Result "0-1"]
[WhiteElo "1899"]
[BlackElo "1984"]
[PlyCount "98"]
[EventDate "2011.08.11"]
[EventType "swiss"]
[EventRounds "9"]
[EventCountry "RUS"]
[SourceTitle "CBM 144 Extra"]
[Source "ChessBase"]
[SourceDate "2011.10.28"]
[SourceVersion "1"]
[SourceVersionDate "2011.10.28"]
[SourceQuality "1"]

1. f4 e5 2. d3 Nc6 3. Nf3 d6 4. g3 Nf6 5. Bg2 Bd7 6. 0-0 Qe7 7. e4 0-0-0 8. c3 h5 9. Ng5 h4 10. Qb3 Be8 11. Be3 hxg3 12. hxg3 Ng4 13. Bd2 Kb8 14. Bh3 Nf6 15. Na3 g6 16. Qc2 Bh6 17. Kg2 Bd7 18. Rh1 Bxg5 19. fxg5 Nh5 20. b4 Bxh3+ 21. Rxh3 Qe6 22. Rah1 d5 23. b5 Ne7 24. Be3 Qd6 25. Qa4 d4 26. Nc4 Qe6 27. cxd4 exd4 28. Bd2 Qg4 29. Kf2 Rhf8 30. Ne5 Qe6 31. Bf4 f6 32. Nxg6 Nxg6 33. Rxh5 fxg5 34. Rxg5 Nxf4 35. gxf4 Rxf4+ 36. Ke2 Rdf8 37. Rh2 Qf6 38. Rf5 Rxf5 39. exf5 Qe5+ 40. Kd1 Qxh2 41. Qxd4 Qh5+ 42. Kc2 Qxf5 43. a4 Qf2+ 44. Qxf2 Rxf2+ 45. Kc3 Rf6 46. Kd4 Rd6+ 47. Kc4 Kc8 48. d4 Kd7 49. d5 a6 0-1

[Event "Novokuznetsk-ch"]
[Site "Novokuznetsk"]
[Date "2011.??.??"]
[Round "1"]
[White "Bogachev, Alexandr"]
[Black "Kitov, Viktor"]
[Result "1-0"]
[WhiteElo "2060"]
[BlackElo "1857"]
[PlyCount "121"]
[EventDate "2011.11.19"]
[EventType "swiss"]
[EventRounds "9"]
[EventCountry "RUS"]
[SourceTitle "EXT 2013"]
[Source "ChessBase"]
[SourceDate "2012.11.22"]
[SourceVersion "1"]
[SourceVersionDate "2012.11.22"]
[SourceQuality "1"]

1. d4 Nf6 2. e3 g6 3. g3 Bg7 4. Bg2 0-0 5. Ne2 d5 6. Nd2 Bf5 7. f3 Nbd7 8. 0-0 e5 9. c3 Bd3 10. Re1 c5 11. Nb3 c4 12. Nd2 Re8 13. Nf1 Bh6 14. a4 Qe7 15. b3 Nh5 16. g4 Ng7 17. Bd2 f5 18. Neg3 Qh4 19. bxc4 Bxc4 20. h3 Nf6 21. dxe5 Rxe5 22. f4 Re7 23. g5 Bxg5 24. fxg5 Qxg5 25. e4 f4 26. Qf3 Nfh5 27. Nxh5 Nxh5 28. exd5 Rd7 29. Qg4 Qd8 30. Bxf4 Nxf4 31. Qxf4 Bxd5 32. Ne3 Bxg2 33. Nxg2 Qb6+ 34. Kh1 Rf8 35. Qc4+ Kg7 36. Rf1 Rf2 37. Rxf2 Qxf2 38. Qb5 Re7 39. Rd1 Qg3 40. Rd3 Qc7 41. Qg5 Rf7 42. Rg3 Rf1+ 43. Kh2 Qd6 44. Qg4 Qb6 45. Qd4+ Qxd4 46. cxd4 Rd1 47. Rg4 Kf6 48. h4 Ke6 49. Re4+ Kd6 50. Nf4 a6 51. d5 Rb1 52. Kg3 a5 53. Re6+ Kd7 54. Rf6 Ke7 55. Re6+ Kd7 56. h5 Rb3+ 57. Kg4 gxh5+ 58. Nxh5 Rb4+ 59. Kf5 Rxa4 60. Nf6+ Kd8 61. d6 1-0